[Event "FRA-ch op-B"]
[Site "Chartres"]
[Date "2005.08.16"]
[Round "1"]
[White "Deblay, Maxime"]
[Black "Bleuzen, Erwan"]
[Result "0-1"]
[WhiteElo "1800"]
[BlackElo "1994"]
[PlyCount "100"]
[EventDate "2005.08.15"]
[EventType "swiss"]
[EventRounds "11"]
[EventCountry "FRA"]
[SourceTitle "EXT 2006"]
[Source "ChessBase"]
[SourceDate "2005.11.24"]
[SourceVersion "1"]
[SourceVersionDate "2005.11.24"]
[SourceQuality "1"]

1. d4 Nf6 2. c4 g6 3. Nf3 Bg7 4. e3 0-0 5. Nc3 d6 6. Be2 Nbd7 7. Qc2 e5 8. dxe5 Nxe5 9. Nxe5 dxe5 10. 0-0 c6 11. e4 Be6 12. Be3 Qe7 13. f3 Nh5 14. Rfd1 Nf4 15. Bf1 f5 16. Qc1 Rfd8 17. Rxd8+ Qxd8 18. Qd2 Qxd2 19. Bxd2 Rd8 20. Be3 b6 21. a4 Nd3 22. b3 Nb4 23. Rc1 f4 24. Bf2 Rd2 25. Be1 Rb2 26. Rb1 Rxb1 27. Nxb1 Bf8 28. Bf2 Nc2 29. Be2 Bb4 30. Bd1 Nd4 31. Kf1 Kf7 32. g3 Bh3+ 33. Kg1 g5 34. gxf4 gxf4 35. Bh4 Ne6 36. Kf2 Bc5+ 37. Ke2 Bg1 38. Bf2 Bxh2 39. Nd2 Nd4+ 40. Kd3 c5 41. b4 Ke6 42. bxc5 bxc5 43. Bh4 Bg2 44. Bg5 Bg3 45. Bh6 Bf2 46. Bf8 h5 47. Bxc5 h4 48. Bxd4 Bxd4 49. Be2 h3 50. Bf1 Be3 0-1

[Event "FRA-ch opB"]
[Site "Val d'Isere"]
[Date "2004.08.??"]
[Round "3"]
[White "Mestdagh, Franck"]
[Black "Deblay, Maxime"]
[Result "1/2-1/2"]
[WhiteElo "1944"]
[BlackElo "1800"]
[PlyCount "53"]
[EventDate "2004.08.16"]
[EventType "swiss"]
[EventRounds "9"]
[EventCountry "FRA"]
[SourceTitle "EXT 2005"]
[Source "ChessBase"]
[SourceDate "2004.11.15"]
[SourceVersion "1"]
[SourceVersionDate "2004.11.15"]
[SourceQuality "1"]

1. d4 d5 2. Nf3 Nf6 3. g3 e6 4. Bg2 c5 5. 0-0 Nc6 6. c4 Be7 7. Nc3 0-0 8. e3 dxc4 9. Qa4 cxd4 10. Nxd4 Nxd4 11. exd4 Qxd4 12. Be3 Qg4 13. Rad1 e5 14. Nd5 Nxd5 15. Rxd5 c3 16. Qxg4 Bxg4 17. bxc3 Be6 18. Rxe5 Bf6 19. Rc5 b6 20. Rc7 Rfc8 21. Bxa8 Rxc7 22. Bd4 Bxd4 23. cxd4 Rd7 24. d5 Bxd5 25. Bxd5 Rxd5 26. Rc1 g6 27. Rc7 1/2-1/2